000 00296nam a22001217a 4500
040 _c338
082 _a338 MAR 2013 C090
100 _aMARTYN WARREN
245 _aInternational journal of agricultural management
260 _aPhnom Penh
_bMAR
_c2013
300 _a239p.
_bill.
_c29cm.
942 _cEK
999 _c11232
_d11232